| 000 | 01186njm a22002897a 4500 | ||
|---|---|---|---|
| 005 | 20100916113222.0 | ||
| 006 | a|||||r|||||00| 0 | ||
| 007 | sd ammalaaahaa | ||
| 008 | 100910t xxu||||| |||| 00| 0 eng d | ||
| 028 |
_a3AEX.5003 _bOdeon |
||
| 035 | _aGR-02516 | ||
| 040 |
_aSED _cSED |
||
| 100 |
_aLata, Mangeshkar _919365 |
||
| 245 |
_aMughal-E-Azam / _csung by Mangeshkar Lata ; music by Naushad ; lyric Badayuni _h[sound recording] : |
||
| 246 | _aमुग़ल -इ -अजं / | ||
| 260 |
_aDum Dum, India _bPolydor _cn.d. |
||
| 300 |
_a1 sound disc [Gramophone Recording] : _banalog, 33 1/3 rpm _c12.5 in. (LP) _fGramaphone Records |
||
| 500 | _aBrief record | ||
| 500 | _aRecord Lebels :Odeon, Black | ||
| 505 | _aSide-1 मोहब्बत की झूट कहानी (Mohabbat ki jhoot kahani) (Lata Mangeshkar) Side-2 मोहे पनघट पे (Mohe panghat pe) (Lata Mangeshkar). | ||
| 600 |
_a Mangeshkar, Lata _919611 |
||
| 650 |
_2Excerpts. _aFilm Song _bIndia _919366 |
||
| 700 |
_aNaushad _920297 |
||
| 700 |
_aBadayuni _920298 |
||
| 942 |
_2ddc _cGR |
||
| 999 |
_c46112 _d46112 |
||